[Event "TUR-chT Clubs"]
[Site "Konya"]
[Date "2019.07.21"]
[Round "9.5"]
[White "Kargi, Mert"]
[Black "Ultanir, Guray"]
[Result "1-0"]
[WhiteElo "1729"]
[BlackElo "1601"]
[PlyCount "79"]
[EventDate "2019.07.16"]
[EventType "team-swiss"]
[EventRounds "9"]
[EventCountry "TUR"]
[SourceTitle "CBM 191 Extra"]
[Source "ChessBase"]
[SourceDate "2019.09.30"]
[SourceVersion "1"]
[SourceVersionDate "2019.09.30"]
[SourceQuality "1"]
[WhiteTeam "Artvin Il Ozel"]
[BlackTeam "Sungurlu Egitim Genclik"]
[WhiteTeamCountry "TUR"]
[BlackTeamCountry "TUR"]

1. c4 d6 2. Nc3 Nf6 3. Nf3 e5 4. e4 Be7 5. g3 Nc6 6. Bg2 Bg4 7. h3 Bxf3 8. Qxf3 Nd4 9. Qd1 c6 10. 0-0 0-0 11. d3 Nd7 12. f4 f5 13. Be3 fxe4 14. dxe4 Bf6 15. Qd2 Qe8 16. g4 Bd8 17. Bxd4 exd4 18. Ne2 Nf6 19. Qd3 c5 20. Rae1 Qg6 21. Ng3 h5 22. g5 h4 23. Nf5 Nd7 24. Nxh4 Qh5 25. Nf5 Qg6 26. h4 Qe6 27. Bh3 Qg6 28. Bg4 Nf6 29. Qf3 Nxg4 30. Qxg4 Kh7 31. h5 Qe6 32. g6+ Kh8 33. h6 Rf6 34. hxg7+ Kg8 35. Qh5 Rxg6+ 36. Kf2 Kf7 37. Qh8 Ba5 38. Qxa8 Rg2+ 39. Kxg2 Qg6+ 40. Ng3 1-0

[Event "TUR-chT Clubs"]
[Site "Konya"]
[Date "2019.07.20"]
[Round "7.11"]
[White "Ay, Altug"]
[Black "Ultanir, Guray"]
[Result "0-1"]
[WhiteElo "1224"]
[BlackElo "1601"]
[PlyCount "106"]
[EventDate "2019.07.16"]
[EventType "team-swiss"]
[EventRounds "9"]
[EventCountry "TUR"]
[SourceTitle "CBM 191 Extra"]
[Source "ChessBase"]
[SourceDate "2019.09.30"]
[SourceVersion "1"]
[SourceVersionDate "2019.09.30"]
[SourceQuality "1"]
[WhiteTeam "Karaman Onder Durmus"]
[BlackTeam "Sungurlu Egitim Genclik"]
[WhiteTeamCountry "TUR"]
[BlackTeamCountry "TUR"]

1. d4 g6 2. c4 Bg7 3. Nc3 c5 4. Nf3 cxd4 5. Nxd4 Nc6 6. e3 Nf6 7. Be2 0-0 8. 0-0 d6 9. Bf3 Bd7 10. b3 Qa5 11. Bb2 Ne5 12. Be2 Neg4 13. h3 Nh6 14. Qd2 Nf5 15. Nxf5 Qxf5 16. Nd5 Nxd5 17. Bxg7 Kxg7 18. cxd5 Qg5 19. Qd4+ Kg8 20. Kh2 Rac8 21. Rac1 b6 22. Ba6 Rc5 23. Rxc5 dxc5 24. Qd3 Bf5 25. e4 Qf4+ 26. g3 Qxe4 27. Qxe4 Bxe4 28. Re1 f5 29. Bc4 Kg7 30. Re3 Rd8 31. f3 Bxd5 32. Rxe7+ Kf6 33. Rxa7 Bxc4 34. bxc4 Rd4 35. Ra6 Rxc4 36. Rxb6+ Ke5 37. Rb2 Ra4 38. Kg2 Kd4 39. Kf2 c4 40. Ke2 Kc3 41. Rd2 Rb4 42. Ke3 Rb2 43. Rd1 Rxa2 44. Rc1+ Kb3 45. Kd4 Rd2+ 46. Ke3 c3 47. Rb1+ Kc2 48. Ra1 Rd1 49. Ra7 Re1+ 50. Kd4 Kd2 51. Kc4 c2 52. Rd7+ Ke3 53. Re7+ Kf2 0-1

[Event "TUR-chT Clubs"]
[Site "Konya"]
[Date "2019.07.16"]
[Round "1.24"]
[White "Tekinyer, Ender"]
[Black "Ultanir, Guray"]
[Result "0-1"]
[WhiteElo "1244"]
[BlackElo "1601"]
[PlyCount "50"]
[EventDate "2019.07.16"]
[EventType "team-swiss"]
[EventRounds "9"]
[EventCountry "TUR"]
[SourceTitle "CBM 191 Extra"]
[Source "ChessBase"]
[SourceDate "2019.09.30"]
[SourceVersion "1"]
[SourceVersionDate "2019.09.30"]
[SourceQuality "1"]
[WhiteTeam "Karaman Duru Bulgur"]
[BlackTeam "Sungurlu Egitim Genclik"]
[WhiteTeamCountry "TUR"]
[BlackTeamCountry "TUR"]

1. c4 e5 2. Nc3 Nf6 3. d3 d5 4. cxd5 Nxd5 5. g3 Be6 6. Bg2 Bc5 7. Nf3 Nc6 8. 0-0 0-0 9. Ne4 Bb6 10. b3 h6 11. Bb2 f5 12. Ned2 Qf6 13. Nc4 Bd4 14. Nxd4 exd4 15. Qd2 f4 16. Be4 Qg5 17. Kh1 Bh3 18. Bg2 Bxg2+ 19. Kxg2 b5 20. Na5 f3+ 21. exf3 Qxd2 22. Ba3 Nxa5 23. Bxf8 Ne3+ 24. Kg1 Nxf1 25. Ba3 b4 0-1

[Event "TUR-chT2"]
[Site "Konya"]
[Date "2018.07.15"]
[Round "9.16"]
[White "Ultanir, Guray"]
[Black "Adas, Anil"]
[Result "1-0"]
[WhiteElo "1523"]
[BlackElo "1562"]
[PlyCount "63"]
[EventDate "2018.07.10"]
[EventType "team-swiss"]
[EventRounds "9"]
[EventCountry "TUR"]
[SourceTitle "EXT 2019"]
[Source "ChessBase"]
[SourceDate "2018.10.10"]
[SourceVersion "1"]
[SourceVersionDate "2018.10.10"]
[SourceQuality "1"]
[WhiteTeam "Coru Sunguluru Egitim"]
[BlackTeam "Osmaniye Kadirli Savrun"]
[WhiteTeamCountry "TUR"]
[BlackTeamCountry "TUR"]

1. e4 d5 2. exd5 Qxd5 3. Nc3 Qa5 4. d4 c6 5. Bc4 Bf5 6. Nf3 e6 7. 0-0 Nf6 8. Re1 Be7 9. Bb3 0-0 10. Bf4 Na6 11. Ne5 Nb4 12. a3 Nbd5 13. Nxd5 cxd5 14. g4 Bg6 15. h4 h6 16. Nxg6 fxg6 17. Rxe6 Qd8 18. Qe2 Ne4 19. Rxe4 Bxh4 20. Bg3 Bf6 21. c3 Kh7 22. Re6 Bg5 23. Bc2 Rf6 24. Re1 Qf8 25. f4 Bxf4 26. Bxf4 Rxf4 27. Bxg6+ Kg8 28. Bf5 Rxf5 29. gxf5 Qxf5 30. Re8+ Rxe8 31. Qxe8+ Kh7 32. Qe2 1-0

[Event "TUR-chT2"]
[Site "Konya"]
[Date "2018.07.14"]
[Round "7.18"]
[White "Ultanir, Guray"]
[Black "Lekealmaz, Emre"]
[Result "0-1"]
[WhiteElo "1523"]
[BlackElo "1183"]
[PlyCount "136"]
[EventDate "2018.07.10"]
[EventType "team-swiss"]
[EventRounds "9"]
[EventCountry "TUR"]
[SourceTitle "EXT 2019"]
[Source "ChessBase"]
[SourceDate "2018.10.10"]
[SourceVersion "1"]
[SourceVersionDate "2018.10.10"]
[SourceQuality "1"]
[WhiteTeam "Coru Sunguluru Egitim"]
[BlackTeam "Corum Merkez Yatili"]
[WhiteTeamCountry "TUR"]
[BlackTeamCountry "TUR"]

1. e4 e5 2. Nf3 Nc6 3. d4 Nf6 4. Bg5 Be7 5. d5 Nxe4 6. Bxe7 Nxe7 7. Nxe5 d6 8. Nf3 0-0 9. Be2 Bd7 10. 0-0 Nf5 11. Re1 Nh4 12. Qd4 Re8 13. Nxh4 Qxh4 14. f3 Qxe1+ 15. Bf1 Nf6 16. b3 Qe3+ 17. Qxe3 Rxe3 18. Nd2 Nxd5 19. Kf2 Re6 20. c4 Nf6 21. Bd3 a6 22. Rc1 c5 23. a4 Rb8 24. a5 b5 25. Ra1 Ree8 26. Bc2 bxc4 27. Nxc4 Bb5 28. Ne3 d5 29. Bd1 d4 30. Nf5 Rbd8 31. Rc1 g6 32. Ng3 Rc8 33. Ne2 Red8 34. g4 c4 35. bxc4 Bxc4 36. Ng3 d3 37. g5 Nd5 38. Ne4 Nb4 39. Nd2 Be6 40. Rb1 Nd5 41. Rb7 Nc3 42. Bb3 Bxb3 43. Rxb3 Re8 44. Nf1 Re2+ 45. Kg3 d2 46. Nxd2 Rxd2 47. Rb6 Ra8 48. h4 Ne2+ 49. Kf2 Nd4+ 50. Ke3 Rd1 51. Ke4 Ne6 52. Ke5 Kg7 53. Ke4 Rd4+ 54. Ke3 Ra4 55. Kf2 Rxa5 56. Kg3 Rb5 57. Rc6 a5 58. f4 a4 59. Kg4 h5+ 60. gxh6+ Kxh6 61. f5 Rxf5 62. h5 Rxh5 63. Rc1 a3 64. Rf1 Ra4+ 65. Kg3 Rg5+ 66. Kh3 a2 67. Rxf7 a1Q 68. Rf3 Qh1# 0-1

[Event "TUR-chT2"]
[Site "Konya"]
[Date "2018.07.13"]
[Round "6.10"]
[White "Ozcan, Kadir Kutay"]
[Black "Ultanir, Guray"]
[Result "1-0"]
[WhiteElo "1820"]
[BlackElo "1523"]
[PlyCount "115"]
[EventDate "2018.07.10"]
[EventType "team-swiss"]
[EventRounds "9"]
[EventCountry "TUR"]
[SourceTitle "EXT 2019"]
[Source "ChessBase"]
[SourceDate "2018.10.10"]
[SourceVersion "1"]
[SourceVersionDate "2018.10.10"]
[SourceQuality "1"]
[WhiteTeam "Mercan Egitim"]
[BlackTeam "Coru Sunguluru Egitim"]
[WhiteTeamCountry "TUR"]
[BlackTeamCountry "TUR"]

1. e4 c5 2. Nc3 g6 3. d4 cxd4 4. Qxd4 Nf6 5. Bb5 a6 6. e5 axb5 7. exf6 Nc6 8. fxe7 Qxe7+ 9. Qe3 Nd4 10. Kd1 Qxe3 11. Bxe3 Bg7 12. Bxd4 Bxd4 13. Nf3 Bxf2 14. Rf1 Bc5 15. Re1+ Kf8 16. Nxb5 Kg7 17. c3 d5 18. b4 Bb6 19. Kd2 Bd7 20. Nbd4 Rhe8 21. Rxe8 Bxe8 22. Kd3 Bc7 23. Re1 Kf8 24. Re2 Bd7 25. g3 Re8 26. Rxe8+ Kxe8 27. Nb3 Bb5+ 28. Kd4 f6 29. Kc5 Be2 30. Nfd2 h5 31. Kxd5 Kf7 32. Nc5 h4 33. gxh4 Bxh2 34. Nxb7 Bf4 35. Nd6+ Ke7 36. N2c4 Bg3 37. Nb5 Bxh4 38. Nd4 Bf1 39. Ne3 Bh3 40. b5 Bf2 41. Nc4 Bg2+ 42. Kc5 g5 43. b6 g4 44. Kb5 Bb7 45. a4 Be4 46. Nd2 Bd3+ 47. Kc6 Bg3 48. a5 Be5 49. Kd5 g3 50. Nc6+ Kd7 51. Nxe5+ fxe5 52. Nf3 e4 53. Ne5+ Kc8 54. c4 g2 55. Kc6 Kd8 56. b7 g1Q 57. b8Q+ Ke7 58. Qd6+ 1-0